000 01724cam a2200277 4500500
005 20260111112247.0
041 _afre
042 _adc
100 1 0 _aHouzel, Didier
_eauthor
245 0 0 _aÉcoute de l’archaïque et principe de charité
260 _c2016.
500 _a38
520 _aUn aspect central de l’observation d’un bébé selon la méthode d’Esther Bick consiste à donner du sens à tout ce qu’il manifeste. L’auteur emprunte la notion de « principe de charité » à la philosophie linguistique pour rendre compte de cette exigence qui rappelle l’exigence pour l’anthropologue de faire crédit aux peuplades qu’il explore que leurs expressions de toute nature ont un sens.
520 _aOne of the main aspects of the observation of a baby according to Esther Bick’s method consists in giving a meaning to whatever the baby expresses. The author borrows the concept of “Principle of Charity” to the linguistic philosophy to give an account of that requirement which reminds the requirement the anthropologist has to satisfy: to give credit to the tribes he is exploring that their expressions whatever their nature have a meaning.
690 _achamp psychanalytique
690 _aco-pensée empathie
690 _acontre-transfert
690 _aobservation participante
690 _aco-thinking
690 _acounter-transference
690 _aempathy
690 _aparticipant observation
690 _apsychoanalytic field
786 0 _nJournal de la psychanalyse de l'enfant | 6 | 2 | 2016-10-26 | p. 75-94 | 0994-7949
856 4 1 _uhttps://shs.cairn.info/revue-journal-de-la-psychanalyse-de-l-enfant-2016-2-page-75?lang=fr&redirect-ssocas=7080
999 _c1631939
_d1631939